• 首页
  • 本馆介绍
  • 公告通知
  • 最新文献
  • 馆藏检索
  • 电子资源
  • 读者导购
  • 参考咨询
  • 我的图书馆
  • 登录
  • 详细信息显示
  • 放入我的书架
  • 预约/预借图书
  • 作者相关作品
  • 分类相关作品
  • 丛书相关作品
  • 出版社相关作品

书目信息

  • 表格格式
  • 工作单格式
  • 卡片格式
题名:
中国小号作品全解
    
 
作者: 刘淼 , 陈锐 著
分册:  
出版信息: 北京   中国人民大学出版社  2018
页数: 468页
开本: 26cm
丛书名:
单 册:
中图分类: J621.67
科图分类:
主题词: 小号--xiao hao--音乐评论--中国
电子资源:
ISBN: 978-7-300-25241-4
000 01447nam0 22002891 450
001 012001008039
005 20131021175548.0
010    @a978-7-300-25241-4@dCNY88.00
099    @aCAL 012018200885
100    @a20181110d2018 em y0chiy50 ea
101 0  @achi
102    @aCN@b110000
105    @aakg a 000yy
106    @ar
200 1  @a中国小号作品全解@Azhong guo xiao hao zuo pin quan jie@f刘淼, 陈锐著
210    @a北京@c中国人民大学出版社@d2018
215    @a468页@c图, 乐谱@d26cm
314    @a刘淼,天津师范大学音乐与影视学院小号专业副教授,硕士研究生导师,中国小号联合会常任理事。
314    @a陈锐,天津音乐学院小号教授,管弦系铜管打击乐教研室主任,硕士研究生导师,天津音乐学院学术委员会委员。
320    @a有书目 (第468页)
330    @a本书是具有工具书特点的一本书,对中国小号作品通过四个部分进行解读。一、作者介绍,通过对作者的介绍,使读者可以了解作者的一些经历和情况,为更好地了解作品;二、乐曲介绍,我们对每一首作品都进行了介绍,使读者能够对作品的创作背景以及相关的知识进行了解;三、乐曲分析,通过对作品进行的曲式分析,使读者能够了解乐曲的结构,为更好地理解乐曲,提供了必要的知识;四,演奏提示,在这一部分里,我们主要是将乐曲的难点挑出来,通过对主题和难点的分析,对演奏者能够更好地演奏乐曲,提供了必要的指导。
606 0  @a小号@Axiao hao@x音乐评论@y中国
690    @aJ621.67@v5
701  0 @a刘淼@Aliu miao@4著
701  0 @a陈锐@Achen rui@4著
801  0 @aCN@b上海新华@c20191020
905    @b1180493-7@dJ621.67@e392@f5
    
    中国小号作品全解/刘淼, 陈锐著.-北京:中国人民大学出版社,2018
    468页:图, 乐谱;26cm
    
    
    ISBN 978-7-300-25241-4:CNY88.00
    本书是具有工具书特点的一本书,对中国小号作品通过四个部分进行解读。一、作者介绍,通过对作者的介绍,使读者可以了解作者的一些经历和情况,为更好地了解作品;二、乐曲介绍,我们对每一首作品都进行了介绍,使读者能够对作品的创作背景以及相关的知识进行了解;三、乐曲分析,通过对作品进行的曲式分析,使读者能够了解乐曲的结构,为更好地理解乐曲,提供了必要的知识;四,演奏提示,在这一部分里,我们主要是将乐曲的难点挑出来,通过对主题和难点的分析,对演奏者能够更好地演奏乐曲,提供了必要的指导。
●
相关链接 在E读中查询图书 在五车中查询图书 在当当中查询图书 在豆瓣中查询图书


正题名:中国小号作品全解     索取号:J621.67/392         预约/预借

序号 登录号 条形码 馆藏地/架位号 状态 备注
1 1180493   211804939   第一样本阅览室/ [索取号:J621.67/392] 在馆    
2 1180494   211804948   第一借阅区/ [索取号:J621.67/392] 在馆    
3 1180495   211804957   第一借阅区/ [索取号:J621.67/392] 在馆    
4 1180496   211804966   第一借阅区/ [索取号:J621.67/392] 在馆    
5 1180497   211804975   第一借阅区/ [索取号:J621.67/392] 在馆    
唐山师范学院图书馆 欢迎您!
大连网信软件有限公司© 版权所有